000 00549nam a2200181Ia 4500
008 090124s9999 xx 000 0 und d
082 _b101708
100 _aकाणेकर अनंत
245 _a दिव्यावरती अंधेर
250 _a1
260 _c1940
300 _a125
600 _aकाणेकर अनंत
630 _a दिव्यावरती अंधेर
700 _aकाणेकर अनंत
730 _a दिव्यावरती अंधेर
942 _cBOOK
999 _c147800
_d147800